Carregant...

The last years journals1853-1855

Dades bibliogràfiques
Autor principal: Kierkegaard, Soren
Format: Printed Book
Idioma:English
Publicat: London : fontana , c1968.
LEADER 00432nam a22001217a 4500
008 170526b xxu||||| |||| 00| 0 eng d
100 |a Kierkegaard, Soren 
245 |a The last years journals1853-1855 
260 |a London :  |b fontana ,  |c c1968. 
300 |b 383p. 
942 |c BK 
999 |c 200535  |d 200535 
952 |0 0  |1 0  |4 0  |6 208_100000000000000_KIE_L  |7 0  |9 221933  |a ENG  |b ENG  |c REF  |d 2017-05-29  |i 9270-A  |l 0  |o 208.1 KIE/L  |p ENG9270-A  |r 2017-05-29  |w 2018-08-21  |y REF